000 00550nam a22002177a 4500
003 OSt
005 20210414102005.0
008 210311s1973 ||||| |||| 00| 0 eng d
020 _a671786091
040 _aeng
_beng
_cDLC
041 _aeng
080 _a92
_bL-62
100 _91383
_aLevin, Meyer
245 _aIn Search / An Autobiography
_c/ by: Pocket Books
260 _aNew York
_bPocket Books
_c1973
300 _a547 p.
_bill.
365 _b1.95 usd
650 0 _9237
_aBiography
653 _aბიოგრაფია
942 _2udc
_cBK
999 _c2156
_d2156